000
00325nam a22001337a 4500
008
170327b xxu||||| |||| 00| 0 eng d
020
_a
9780781735117
041
_a
eng
080
_2
8TH
_a
615.83
100
_a
8
101
_a
SHM
245
_a
GUIDE TO PHYSICAL EXAMINATION AND HISTORY TAKING
_c
BICKLEY, L.S
942
_2
udc
_c
BK
999
_c
8692
_d
8692